| 000 | 00903nam a2200253 i 4500 | ||
|---|---|---|---|
| 001 | bg | ||
| 245 | 0 | 0 |
_aTechnical and economic aspect of modern technology transfer in context of integration with European Union.Vol. / _c[edts] Jerzy Szkutnik, Michal Kolcun ; Faculty of Electrical Engineering and Informatics Technical Iniversity of Kosice - Slovac Republic _n1. |
| 260 |
_aKošice : _b"Mercury-Smékal", _c2004. |
||
| 300 |
_a208 s. : _bil. ; _c24 cm. |
||
| 504 | _aBibliogr. przy ref. | ||
| 650 | 9 | _aElektrotechnika | |
| 650 | 9 |
_aEnergetyka _xzagadnienia |
|
| 655 | _aMateriały konferencyjne | ||
| 700 | 1 |
_aSZKUTNIK, Jerzy. _eRed. |
|
| 700 | 1 |
_aKOLCUN, Michal. _eRed. |
|
| 710 | 0 | _aTechnical University (Kosice) | |
| 020 | _a8089061990 | ||
| 040 | _cBPK | ||
| 041 | 0 | _aeng | |
| 080 | _a621.3(061) | ||
| 920 | _a80-89061-99-0 | ||
| 942 | _cKS | ||
| 008 | s pl f |000 0 pol | ||
| 999 |
_c46882 _d46882 |
||
| 856 |
_uhttp://koha.tu.koszalin.pl/cgi-bin/koha/opac-detail.pl?biblionumber=46882 _yKatalog online BPK |
||